000 00522cam a22001217a 4500
008 180718b-- xxu||||| |||| 00| 0 eng d
082 _aV5065x5451
245 _aPower development in Andhra Pradesh (statistics)
_cby Transmission Corporation of Andhra Pradesh
260 _aHyderabad
_bTransmission Corporation of Andhra Pradesh
_c--
500 _aLibrary has 1988/89, 1990/91-1997/98-2000/2001
650 _aElectric power distribution - Statistics - India - Andhra Pradesh
700 _aAndhra Pradesh. Transmission Corporation
999 _c483223
_d483223